Enciclopedia práctica de la pequeña y mediana empresa / (Registro nro. 11548)

Detalles MARC
000 -LIDER
fixed length control field 01261nam a22003497a 4500
001 - NÚMERO DE CONTROL
Identificador de número de control 00548
003 - IDENTIFICACDOR DE NÚMERO DE CONTROL
control field DO-SdBNP
005 - DATE AND TIME OF LATEST TRANSACTION
control field 20170915134928.0
007 - CAMPOS FIJOS DE DESCRIPCIÓN FÍSICA
fixed length control field 000548
008 - ELEMENTOS DE LONGITUD FIJA
fixed length control field 161012b 2000 sp | 00| 0 spa d
020 ## - ISBN
International Standard Book Number 8449411548
040 ## - FUENTE DE CATALOGACIÓN
Agencia que crea de manera original el registro BPMSU
Idioma de catalogación spa
Agencia que realiza la transcripción BPMSU
082 #4 - NÚMERO DE CLASIFICACIÓN DECIMAL DE DEWEY
Classification number R 658.02203
Item number E56p
100 ## - ASIENTO PRINCIPAL -- NOMBRE PERSONAL
Nombre personal
245 00 - MENCIÓN DE TITULO
Título Enciclopedia práctica de la pequeña y mediana empresa /
Mención de responsabilidad [dirección, Carlos Gispert ; ; ilustración Monserrat Marcet ; edición Luis Borrás.
246 30 - VARIACION DEL TÍTULO
Título propiamente dicho o título corto Pequeña y mediana empresa
260 ## - PUBLICACIÓN, DISTRIBUCIÓN, ETC. (PIE DE IMPRENTA)
Lugar de publicación, distribución, etc Barcelona :
Nombre del editor, distribuidor, etc. Océano : Centrum,
Fecha de publicación, distribución, etc [2000].
300 ## - DESCRIPCIÓN FÍSICA
Extensión vii, 928 p. :
Otros detalles físicos il.;
Dimensiones 26 cm. +
Material complementario CD-ROM
500 ## - NOTA GENERAL
Nota general Tit. del disco compacto: Curso de planificación estratégica
500 ## - NOTA GENERAL
Nota general Glosario : p. 905-924.
500 ## - NOTA GENERAL
Nota general Incluye índice
650 #4 - ENCABEZAMIENTO DE MATERIA--TEMÁTICO
Término temático o nombre geográfico como elemento de entrada MICROEMPRESAS
Subdivisión de forma ENCICLOPÉDIAS
Subdivisión temática general ESPAÑOL
650 #4 - ENCABEZAMIENTO DE MATERIA--TEMÁTICO
Término temático o nombre geográfico como elemento de entrada ADMINISTRACIÓN DE EMPRESAS
Subdivisión de forma ENCICLOPÉDIAS
Subdivisión temática general ESPAÑOL
700 12 - ASIENTO SECUNDARIO -- NOMBRE PERSONAL
Nombre personal Gispert, Carlos
Mención de responsabilidad dir.
700 12 - ASIENTO SECUNDARIO -- NOMBRE PERSONAL
Nombre personal Marcet, Monserrat,
Mención de responsabilidad il.
700 12 - ASIENTO SECUNDARIO -- NOMBRE PERSONAL
Nombre personal Borrás, Luis,
Mención de responsabilidad ed.
740 0# - ASIENTO SECUNDARIO DE TÍTULOS RELACIONADOS O ANALÍTICOS NO CONTROLADOS
Título analítico o relacionado no controlado Curso de planificación estratégica [recurso electrónico]
910 ## - VALIDACIÓN
Validación Validado. Control de calidad MFF
942 ## - ADDED ENTRY ELEMENTS (KOHA)
Source of classification or shelving scheme Dewey Decimal Classification
Koha item type Libros
945 ## - INFORMACIÓN DE PROCESAMIENTO LOCAL
Información de procesamiento local Inventariado / 2017 VM
956 ## - LOCAL ELECTRONIC LOCATION AND ACCESS (OCLC)
Método de acceso LOPEREZ
Materiales especificados 10
Enlace 20161012
Campo enlazado y núm. de secuencia BPMSU
Nombre de host 00041
Existencias
Withdrawn status Lost status Source of classification or shelving scheme Damaged status Not for loan Collection code Home library Current library Date acquired Source of acquisition Total Checkouts Full call number Barcode Date last seen Price effective from Koha item type
    Dewey Decimal Classification     Colección de Referencia General Biblioteca Pública Metropolitana Salomé Ureña Biblioteca Pública Metropolitana Salomé Ureña 10/12/2016 Compra   R 658.02203 E56p BPMSU16100131 10/12/2016 10/12/2016 Libros